Statistiken für Hannover 96 - Torschützen 2015/16

Klicken Sie hier um das Quiz zu spielen!

Allgemein

  • Dieses Quiz wurde 28 mal gespielt
  • Das Durchschnittsergebnis liegt bei 6 aus 15

Antwortstatistiken

ToreSpieler% Korrekt
1Manuel Schmiedebach
65%
5Hiroshi Kiyotake
58%
2Christian Schulz
50%
2Salif Sané
50%
7Artur Sobiech
46%
1Hugo Almeida
46%
1Felix Klaus
42%
1Hiroki Sakai
42%
1Waldemar Anton
42%
2Leon Andreasen
31%
1Uffe Bech
31%
1Charlison Benschop
27%
3Kenan Karaman
27%
1Allan Saint-Maximin
12%
1Marcelo
12%

Verteilung der Resultate

Perzentil nach korrekt beantworteten Fragen

Anzahl Personen mit jedem Resultat

Ihre Resultats-Entwicklung

Sie haben dieses Quiz noch nicht gespielt